Catalog

Record Details

Catalog Search



Geschichte  Cover Image Book Book

Geschichte / von J.J. David

Record details

  • Physical Description: [iii], 127, [i] s. ; 8°
  • Publisher: Dresden ; J. Minden, 1892

Content descriptions

General Note:
Tuhá vazba

Available copies

  • 1 of 1 copy available at Common Catalog SPOK.

Holds

  • 0 current holds with 1 total copy.
Show Only Available Copies
Location Call Number / Copy Notes Barcode Shelving Location Status Due Date
The Jewish community of Prague K 1094 4638302118 K - Beletrie Available -

LDR 00472nam a22001691a 4500
00154042
003CZ-PrJAB
00520200422182458.0
008120717s1892 gw ||| | ger
035 . ‡a(CZ PrNK)gk08070620
040 . ‡aABA001 ‡bcze ‡cABA001
1001 . ‡aDavid, Jakob Julius, ‡d1859-1906 ‡7ola200201558 ‡4aut
24510. ‡aGeschichte / ‡cvon J.J. David
260 . ‡aDresden ; ‡aBerlin : ‡bJ. Minden, ‡c1892
300 . ‡a[iii], 127, [i] s. ; ‡c
500 . ‡aTuhá vazba
910 . ‡aABE461
995 . ‡aska
901 . ‡a54042 ‡bAUTOGEN ‡c54042 ‡tbiblio

Additional Resources